000 00443nam a2200205Ia 4500
008 240510s9999 xx 000 0 und d
020 _a9780321559678
041 _aEng
082 _a006.74
082 _bG54
100 _aGOLDBERG,K.H
245 0 _aVISUAL QUICKSTART GUIDE XML
250 _a2nd ed.
260 _bBerkely: Peachpit Press
260 _c2009
300 _a269 p.
650 _aXML
942 _2ddc
942 _cRBK
999 _c28473
_d28473
945 _a1
_bMadushi Gamage
_c1
_dMadushi Gamage